| 000 | 00852aam a2200337a 44500 | ||
|---|---|---|---|
| 008 | 081106s2008 cat | ||
| 017 | _aPM-184-2008 | ||
| 020 | _a9788483840214 | ||
| 041 | _acat | ||
| 080 | _a061(038) | ||
| 245 | _aVocabulari pràctic de l'associacionisme | ||
| 260 | _aPalma | ||
| 260 | _bConsell de Joventut de les Illes Balears | ||
| 260 | _c2008 | ||
| 300 |
_a70 p. _c21 cm |
||
| 500 | _aBibliografia | ||
| 500 | _aCategoria gramatical, sinònims, remissions | ||
| 520 | _a141 | ||
| 546 | _acatalà | ||
| 591 | _a9968 | ||
| 592 | _aObra terminològica | ||
| 593 | _aOJ | ||
| 594 | _a9968 | ||
| 650 |
_aorganització social _969806 |
||
| 901 | _c<2008> | ||
| 902 | _a081106 | ||
| 942 |
_cMO _n0 |
||
| 999 |
_c65064 _d65064 |
||